000 00345nam a2200157Ia 4500
003 Ost
005 20260225132556.0
008 260225s9999||||xx |||||||||||||| ||und||
040 _cfsic
041 _afre
082 _a440
100 _aGérard Mermet
_eAuteur
245 0 _aFrancoscopie 1991 /
245 0 _cGérard Mermet
942 _cكتاب
999 _c34442
_d34442